000 00936nam a2200289Ia 4500
003 OSt
005 20221006141140.0
006 a|||||r|||| 00| 0
007 ta
008 221006b |||||||| |||| 00| 0 eng d
024 _a1,437
037 _cDissertations
040 _aEASL
_cEASL
_beng
041 _2eng
_aeng
082 _a0000035, RAN
100 _aRanjan Rajiv
110 _aDelhi University. Social Sciences. Chinese and Japanese Studies
_9644544
245 0 _aSocial basis of Japan's economic development
_b An examination of Japanese personality characteristics B.M.Tankha
260 _c1984
300 _a183p.
_ccm.
490 _v Dis
500 _aBoth Acc. Nos. are of same dissertation
650 _aDiss
_9644545
700 _aDelhi University. Social Sciences. Chinese and Japanese Studies
_9644546
942 _h0000035, RAN
_cDIS
_2CC
999 _c1069523
_d1069523